Statistics for Queens Park Rangers Premier League Players

Click here to take the quiz!

General Stats

  • This quiz has been taken 171 times
  • The average score is 37 of 112

Answer Stats

The Rs% Correct
Leroy Fer
87%
Rio Ferdinand
87%
Anton Ferdinand
86%
Les Ferdinand
86%
Adel Taarabt
71%
Joey Barton
70%
Robert Green
64%
Charlie Austin
63%
Júlio César
63%
Ji-sung Park
60%
Bobby Zamora
58%
Shaun Wright-Phillips
57%
Clint Hill
55%
Tommy Smith
55%
Andrew Johnson
54%
Djibril Cissé
49%
Paddy Kenny
49%
Armand Traoré
46%
Loïc Rémy
46%
Richard Dunne
45%
Trevor Sinclair
45%
Bradley Allen
43%
Jamie Mackie
43%
Alejandro Faurlín
42%
José Bosingwa
41%
Nedum Onuoha
41%
Ray Wilkins
41%
Junior Hoilett
40%
Shaun Derry
40%
Christopher Samba
39%
Niko Kranjčar
39%
Fitz Hall
38%
Matt Phillips
38%
Tony Roberts
38%
Eduardo Vargas
37%
Luke Young
37%
Jermaine Jenas
36%
Kevin Gallen
36%
Andy Impey
35%
Ian Holloway
35%
Fábio da Silva
34%
Samba Diakité
34%
Simon Barker
34%
Andros Townsend
33%
Clive Wilson
33%
Darren Peacock
33%
Heiðar Helguson
33%
Mauricio Isla
33%
Rufus Brevett
33%
Andy Sinton
32%
Esteban Granero
32%
Danny Dichio
31%
DJ Campbell
31%
Stéphane Mbia
31%
Steven Caulker
30%
Taye Taiwo
30%
Alan McDonald
29%
Danny Maddix
29%
David Bardsley
29%
Devon White
29%
Danny Simpson
28%
Garry Thompson
28%
Nigel Quashie
28%
Gary Penrice
26%
Jay Bothroyd
26%
Mark Hateley
26%
Mauro Zárate
26%
Suk-young Yun
26%
Bradley Orr
25%
Darnell Furlong
25%
Dennis Bailey
25%
Ned Zelić
25%
Ryan Nelsen
25%
Alan McCarthy
24%
Alex McCarthy
24%
Jan Stejskal
24%
Sandro
24%
Jordan Mutch
23%
Juergen Sommer
23%
Matthew Connolly
23%
Paul Murray
23%
Radek Černý
23%
Ákos Buzsáky
22%
Hogan Ephraim
22%
Maurice Doyle
22%
Gregory Goodridge
21%
Matthew Brazier
21%
Michael Meaker
21%
Patrick Agyemang
21%
Rob Hulse
21%
Trevor Challis
21%
Justin Channing
20%
Steven Yates
20%
Bruno Perone
19%
Federico Macheda
19%
Karl Ready
19%
Michael Harriman
19%
Sieb Dijkstra
19%
Simon Osborn
18%
Bruno Andrade
17%
Anthony Witter
16%
Christopher Plummer
16%
Danny Gabbidon
15%
Jason Puncheon
15%
Brandon Comley
14%
Kieron Dyer
14%
Lee Charles
14%
Karl Henry
13%
Steve Hodge
13%
Tal Ben Haim
13%
Cole Kpekawa
12%
Michael Doughty
11%

Score Distribution

Percentile by Number Answered

Percent of People with Each Score

Your Score History

You have not taken this quiz